<?xml version="1.0" encoding="UTF-8"?>
<record
    xmlns:xsi="http://www.w3.org/2001/XMLSchema-instance"
    xsi:schemaLocation="http://www.loc.gov/MARC21/slim http://www.loc.gov/standards/marcxml/schema/MARC21slim.xsd"
    xmlns="http://www.loc.gov/MARC21/slim">

  <leader>00516nam a22001577a 4500</leader>
  <controlfield tag="003">OSt</controlfield>
  <controlfield tag="005">20151005152613.0</controlfield>
  <controlfield tag="008">151005b        xxu||||| |||| 00| 0 eng d</controlfield>
  <datafield tag="040" ind1=" " ind2=" ">
    <subfield code="c">RUA</subfield>
  </datafield>
  <datafield tag="082" ind1=" " ind2=" ">
    <subfield code="a">AVM KHE 2001 B072 Or.1</subfield>
  </datafield>
  <datafield tag="100" ind1=" " ind2=" ">
    <subfield code="9">2056</subfield>
    <subfield code="a">KHEM, CHEACHAKRYA.</subfield>
  </datafield>
  <datafield tag="245" ind1=" " ind2=" ">
    <subfield code="a">Dog rabies and prophylaxis in cambodia, &#x1787;&#x17C6;&#x1784;&#x17BA;&#x1786;&#x17D2;&#x1780;&#x17C2;&#x1786;&#x17D2;&#x1780;&#x17BD;&#x178F; &#x1793;&#x17B7;&#x1784;&#x179C;&#x17B7;&#x1792;&#x17B6;&#x1780;&#x17B6;&#x179A;&#x1796;&#x17B6;&#x179A;&#x1793;&#x17C5;&#x1780;&#x1798;&#x17D2;&#x1796;&#x17BB;&#x1787;&#x17B6;</subfield>
  </datafield>
  <datafield tag="260" ind1=" " ind2=" ">
    <subfield code="a">Phnom Penh</subfield>
    <subfield code="b">RUA</subfield>
    <subfield code="c">2001</subfield>
  </datafield>
  <datafield tag="300" ind1=" " ind2=" ">
    <subfield code="a">vii; 56p.</subfield>
    <subfield code="b">ill.</subfield>
    <subfield code="c">29cm.</subfield>
  </datafield>
  <datafield tag="942" ind1=" " ind2=" ">
    <subfield code="2">ddc</subfield>
    <subfield code="c">AVM</subfield>
  </datafield>
  <datafield tag="999" ind1=" " ind2=" ">
    <subfield code="c">1942</subfield>
    <subfield code="d">1942</subfield>
  </datafield>
  <datafield tag="952" ind1=" " ind2=" ">
    <subfield code="0">0</subfield>
    <subfield code="1">0</subfield>
    <subfield code="2">ddc</subfield>
    <subfield code="4">0</subfield>
    <subfield code="6">AVM_KHE_2001_000000000000000_B072_OR_1</subfield>
    <subfield code="7">0</subfield>
    <subfield code="9">8098</subfield>
    <subfield code="a">LBB</subfield>
    <subfield code="b">LBB</subfield>
    <subfield code="c">B072</subfield>
    <subfield code="d">2015-10-05</subfield>
    <subfield code="l">1</subfield>
    <subfield code="o">AVM KHE 2001 B072 Or.1</subfield>
    <subfield code="p">RUA017257</subfield>
    <subfield code="r">2016-04-27</subfield>
    <subfield code="s">2016-04-06</subfield>
    <subfield code="w">2015-10-05</subfield>
    <subfield code="y">AVM</subfield>
  </datafield>
  <datafield tag="952" ind1=" " ind2=" ">
    <subfield code="0">0</subfield>
    <subfield code="1">0</subfield>
    <subfield code="2">ddc</subfield>
    <subfield code="4">0</subfield>
    <subfield code="6">AVM_KHE_2001_000000000000000_B072_OR_2</subfield>
    <subfield code="7">0</subfield>
    <subfield code="9">8099</subfield>
    <subfield code="a">LBB</subfield>
    <subfield code="b">LBB</subfield>
    <subfield code="c">B072</subfield>
    <subfield code="d">2015-10-05</subfield>
    <subfield code="l">1</subfield>
    <subfield code="o">AVM KHE 2001 B072 Or.2</subfield>
    <subfield code="p">RUA017143</subfield>
    <subfield code="r">2018-08-03</subfield>
    <subfield code="s">2018-07-25</subfield>
    <subfield code="w">2015-10-05</subfield>
    <subfield code="y">AVM</subfield>
  </datafield>
  <datafield tag="952" ind1=" " ind2=" ">
    <subfield code="0">0</subfield>
    <subfield code="1">0</subfield>
    <subfield code="2">ddc</subfield>
    <subfield code="4">0</subfield>
    <subfield code="6">AVM_KHE_2001_000000000000000_B072_OR_3</subfield>
    <subfield code="7">0</subfield>
    <subfield code="9">8100</subfield>
    <subfield code="a">LBB</subfield>
    <subfield code="b">LBB</subfield>
    <subfield code="c">B072</subfield>
    <subfield code="d">2015-10-05</subfield>
    <subfield code="o">AVM KHE 2001 B072 Or.3</subfield>
    <subfield code="p">RUA017146</subfield>
    <subfield code="r">2015-10-05</subfield>
    <subfield code="w">2015-10-05</subfield>
    <subfield code="y">AVM</subfield>
  </datafield>
  <datafield tag="952" ind1=" " ind2=" ">
    <subfield code="0">0</subfield>
    <subfield code="1">0</subfield>
    <subfield code="2">ddc</subfield>
    <subfield code="4">0</subfield>
    <subfield code="6">AVM_KHE_2001_000000000000000_B072_OR_4</subfield>
    <subfield code="7">0</subfield>
    <subfield code="9">8101</subfield>
    <subfield code="a">LBB</subfield>
    <subfield code="b">LBB</subfield>
    <subfield code="c">B072</subfield>
    <subfield code="d">2015-10-05</subfield>
    <subfield code="l">4</subfield>
    <subfield code="o">AVM KHE 2001 B072 Or.4</subfield>
    <subfield code="p">RUA017163</subfield>
    <subfield code="r">2019-07-24</subfield>
    <subfield code="s">2019-07-19</subfield>
    <subfield code="w">2015-10-05</subfield>
    <subfield code="y">AVM</subfield>
  </datafield>
</record>
